| 000 | 01138nam a2200337 a 4500 | ||
|---|---|---|---|
| 001 | 000115592 | ||
| 003 | CHAP | ||
| 005 | 20220329144540.0 | ||
| 008 | 190611s2012 mx a |r| ||||||spa d | ||
| 010 | _a112053 | ||
| 011 | _a113025 | ||
| 020 | _a978-84-8476-419-9 (Mundi-Prensa España) | ||
| 020 | _a9786077150718 (Colegio de Posgraduados) | ||
| 040 | _cCHAP | ||
| 082 | 0 | 4 |
_a581.6340972 _bH53 2012 |
| 245 | 0 | 0 |
_aHerbolaria mexicana / _ccoordinado por Alberto Jiménez Merino. |
| 250 | _a2 ed. | ||
| 260 |
_aMontecillo, Texcoco : _bColegio de Posgraduados, _c2012. |
||
| 300 |
_a531 p. : _bil. |
||
| 490 |
_aBiblioteca básica de agricultura. _pAgua innovación y productividad |
||
| 590 |
_aE11695DGD _b10 _c20190616 _lUCH01 _h1356 |
||
| 590 |
_aE5765TAJ _b05 _c20190611 _lUCH01 _h1229 |
||
| 590 |
_aE5765TAJ _b05 _c20190612 _lUCH01 _h1212 |
||
| 650 | 1 | 4 |
_aBotánica médica. _914680 |
| 650 | 1 | 4 |
_aMedicina tradicional. _973921 |
| 700 | 0 |
_aJiménez Merino, Alberto _ecoord. _961593 |
|
| 830 | 0 |
_aBiblioteca básica de agricultura _pAgua innovación y productividad _v35 _9136017 |
|
| 901 | _aBK | ||
| 942 | _cLIBRO | ||
| 942 | _n0 | ||
| 999 |
_c112053 _d112053 |
||